Normal view
MARC view
- Harvey, J. C
Entry Personal Name
001 - CONTROL NUMBER
- control field: 40395
003 - CONTROL NUMBER IDENTIFIER
- control field: NUST
005 - DATE AND TIME OF LATEST TRANSACTION
- control field: 20210314131744.0
008 - FIXED-LENGTH DATA ELEMENTS
- fixed length control field: 210314|| aca||aabn | a|a d
040 ## - CATALOGING SOURCE
- Original cataloging agency: NUST
- Transcribing agency: NUST
100 ## - HEADING--PERSONAL NAME
- Personal name: Harvey, J. C
670 ## - SOURCE DATA FOUND
- Source citation: Work cat.: (NUST): Harvey, J. C., Geology for geotechnical engineers /, 1982.
